| 000 | 00414nam a2200157 4500 | ||
|---|---|---|---|
| 003 | CO-ViMGA | ||
| 020 | _a978958303752-8 | ||
| 040 |
_aCO-ViMGA _bspa _cCO-ViMGA |
||
| 090 |
_aC _bMORu |
||
| 100 | 1 |
_aMorozumi, Atsuko _91856 |
|
| 245 | 1 | 0 |
_aUn gorila _by las cosas que me gustan _cAtsuko Morozumi |
| 260 |
_aBogota _bPanamricana _c2012 |
||
| 300 |
_a(26) p _bil |
||
| 650 | 1 | 4 |
_acuentos infantiles _9487 |
| 942 |
_2ddc _cBK |
||
| 999 |
_c7732 _d7732 |
||